01290nas a2200289Ia 4500001002800000003001000028008004100038040002500079041001300104100002100117210002300138222002300161240003600184245003600220250001100256260000900267501012300276300001400399362003600413500026400449650002900713700001100742942000700753957000600760999003300766952020100799A02/R015-13244 [r000010602]IT-MiCISF161014c99999999xx |||||||||||| ||und|| aIT-MiCISFcIT-MiCISF aFRANCESE aPerrot Michelle  aLe groupe familial aLe groupe familial aAdolescents: cherchez la crise! 0aAdolescents: cherchez la crise! a1a ed. c1986 bCISF - Centro Internazionale Studi Famiglia - Via Giotto, 36 20145 MILANO (non commercial uses only)cCopyright 2016 app. 1-103 an. 113, ottobre-dicembre [1986] aBirraux M., Marcelli D., Braconnier A., Morval M., Neitzert F., Lagrée J.-C-., Thiriet M., Dolivet G., Lobrot M., Galland O., Cabaud M. Tema: adolescenza, giovani, ciclo-familiare, conflitto, figli-adolescenti, distacco, sessualità, scuola, disturbi-alime aetà evolutivavrivista aAA.VV. cCR 71 a13244bSig1c228070d228070 0010406A_02_000000000000000_R01513244_R00001060271aCISFbCISFd2016-10-14l0oA02/R015-13244 [r000010602]r2016-10-14 00:00:00w2016-10-14yCRzData import 15.10.2016 / by Epidotti, Vaglietti